[Event "Znojemska rotunda 2002"]
[Site "?"]
[Date "2002.??.??"]
[Round "2"]
[White "Sochor, Stanislav"]
[Black "Jurica, Peter"]
[Result "0-1"]
[WhiteElo "2056"]
[BlackElo "2152"]
[PlyCount "66"]

1. d4 g6 2. g3 f5 3. Bg2 Nf6 4. Nf3 Bg7 5. O-O O-O 6. c4 d6 7. Nc3 c6 8. d5 Bd7
9. Rb1 a5 10. b3 Na6 11. Be3 Nc7 12. a4 Na6 13. h3 Qc7 14. Qd2 Rfe8 15. Nd4
Rad8 16. Bh6 Bh8 17. Kh2 Nc5 18. Rfd1 Kf7 19. Na2 Nfe4 20. Qe1 Rg8 21. Bc1 g5
22. f3 Nf6 23. e4 fxe4 24. fxe4 Rdf8 25. Qe2 Ke8 26. Nc3 g4 27. h4 Nh5 28. Qe3
Nxg3 29. Nce2 Nh5 30. Kh1 Be5 31. Qh6 Nf6 32. Nf4 Bxf4 33. Qxf4 Nfxe4 0-1

[Event "Znojemska rotunda 2002"]
[Site "?"]
[Date "2002.??.??"]
[Round "2"]
[White "Svoboda, Jiri"]
[Black "Rajnoha, Lubos"]
[Result "1-0"]
[WhiteElo "1853"]
[BlackElo "1342"]
[PlyCount "85"]

1. e4 e5 2. Nc3 Nc6 3. f4 Nf6 4. fxe5 Nxe5 5. d4 Nc6 6. Nf3 Bb4 7. Bg5 Ne7 8.
Bxf6 gxf6 9. Bc4 d5 10. exd5 Nxd5 11. Qe2+ Be6 12. Kd2 Qd6 13. Bxd5 Bxc3+ 14.
bxc3 Qxd5 15. Rhe1 O-O-O 16. Qe4 Qxe4 17. Rxe4 Rd6 18. a3 c5 19. Rd1 Rg8 20. g3
Bd5 21. Rf4 Bxf3 22. Rxf3 cxd4 23. Kc1 Rgd8 24. Rfd3 Kc7 25. cxd4 b6 26. c4 Kc6
27. Kc2 a6 28. Kc3 b5 29. c5 Rd5 30. Re3 a5 31. Re7 b4+ 32. axb4 axb4+ 33. Kc4
R8d7 34. Rxd7 Rxd7 35. d5+ Kc7 36. Rb1 Kc8 37. Rxb4 Re7 38. c6 Re4+ 39. Kc5
Rxb4 40. Kxb4 Kc7 41. Kc5 f5 42. d6+ Kc8 43. Kb6 1-0

[Event "Znojemska rotunda 2002"]
[Site "?"]
[Date "2002.??.??"]
[Round "3"]
[White "Svoboda, Antonin"]
[Black "Fojtik, Tomas"]
[Result "1/2-1/2"]
[WhiteElo "1861"]
[BlackElo "2107"]
[PlyCount "70"]

1. Nf3 d5 2. d4 c6 3. c4 e6 4. Nc3 Nf6 5. Bg5 Nbd7 6. e3 Qa5 7. Bh4 Bb4 8. Qb3
dxc4 9. Bxc4 Nd5 10. Rc1 N7b6 11. Nd2 Be7 12. Bxe7 Nxe7 13. Bd3 e5 14. dxe5
Qxe5 15. Nf3 Qa5 16. O-O O-O 17. Rfd1 Bg4 18. Be2 Rad8 19. Rxd8 Rxd8 20. Ne5
Be6 21. Nc4 Nxc4 22. Bxc4 Bxc4 23. Qxc4 Nd5 24. g3 Nf6 25. Qe2 Rd7 26. Rd1 Qd8
27. Rxd7 Qxd7 28. Qd1 Qxd1+ 29. Nxd1 Kf8 30. f3 Ke7 31. Kf2 Nd5 32. Ke2 f5 33.
a3 Kd6 34. Kd3 Ke5 35. b3 h6 1/2-1/2

[Event "Znojemska rotunda 2002"]
[Site "?"]
[Date "2002.??.??"]
[Round "3"]
[White "Talpa, Pavel"]
[Black "Valenta, Vit"]
[Result "0-1"]
[WhiteElo "1854"]
[BlackElo "2075"]
[PlyCount "116"]

1. d4 Nf6 2. e3 g6 3. g3 Bg7 4. Bg2 O-O 5. Nf3 d6 6. O-O Nbd7 7. c4 c5 8. d5
Nb6 9. Nfd2 Rb8 10. Nc3 e5 11. e4 Ne8 12. a3 f5 13. b4 Nd7 14. bxc5 Nxc5 15.
Nb3 Nxe4 16. Nxe4 fxe4 17. Bxe4 Nf6 18. Bg2 Bg4 19. Qe1 Qc7 20. Nd2 Bf5 21. Qe3
b6 22. Qb3 Nd7 23. Ne4 Bxe4 24. Bxe4 Nc5 25. Qc2 Nxe4 26. Qxe4 Rbc8 27. Bg5
Qxc4 28. Qxc4 Rxc4 29. Be7 Re8 30. Bxd6 Rd8 31. Bb4 a5 32. Be7 Rxd5 33. Rad1
Rcd4 34. Rc1 Kf7 35. Bg5 Bf8 36. Be3 Bxa3 37. Rc7+ Rd7 38. Rxd7+ Rxd7 39. Bxb6
Bb4 40. Ra1 Rd5 41. Kf1 Ke6 42. Ke2 Rb5 43. Bd8 Kd5 44. Kd3 Rc5 45. Ra2 h6 46.
Bb6 Rb5 47. Bd8 e4+ 48. Kc2 Kc4 49. Ra1 Rd5 50. Bb6 h5 51. Be3 Rd3 52. Bb6 Kb5
53. Be3 a4 54. Bc1 a3 55. Kb1 Ka4 56. Ka2 Rc3 57. Be3 Rc2+ 58. Kb1 Kb3 0-1

[Event "Znojemska rotunda 2002"]
[Site "?"]
[Date "2002.??.??"]
[Round "3"]
[White "Most, Zdenek"]
[Black "Belunek, Zdenek"]
[Result "1-0"]
[WhiteElo "2118"]
[BlackElo "1859"]
[PlyCount "61"]

1. d4 d5 2. Nf3 e6 3. g3 c6 4. Bg2 f5 5. O-O Nf6 6. c4 Nbd7 7. Nc3 Ne4 8. Nxe4
dxe4 9. Ng5 Nb6 10. b3 Be7 11. Nh3 Bf6 12. Bb2 O-O 13. Rb1 Qc7 14. Nf4 Rd8 15.
Nh5 Bg5 16. Bc1 Bxc1 17. Qxc1 Rxd4 18. f3 Qf7 19. Qe3 Rd7 20. g4 exf3 21. Rxf3
Qg6 22. Nf4 Qxg4 23. Rg3 Qh4 24. Qxe6+ Rf7 25. Qe8+ Rf8 26. Qe5 Qf6 27. Qe3 Qf7
28. Bf3 Bd7 29. Kh1 Kh8 30. Rbg1 Rg8 31. Ng6+ 1-0

[Event "Znojemska rotunda 2002"]
[Site "?"]
[Date "2002.??.??"]
[Round "3"]
[White "Holemar, David"]
[Black "Skaroupka, Jiri"]
[Result "1-0"]
[WhiteElo "2284"]
[BlackElo "2059"]
[PlyCount "99"]

1. d4 Nf6 2. c4 g6 3. Nc3 Bg7 4. e4 d6 5. f4 O-O 6. Nf3 Na6 7. Bd3 Bg4 8. h3
Bxf3 9. Qxf3 e5 10. fxe5 dxe5 11. d5 Ne8 12. Be3 Qe7 13. O-O c5 14. a3 Nd6 15.
Nb5 b6 16. Rab1 Rac8 17. Qe2 h6 18. Qd2 Kh7 19. b4 Rfd8 20. Kh1 Rd7 21. Qb2 Kg8
22. Qb3 Rdd8 23. Rf2 f6 24. Qa4 Qb7 25. Rfb2 Bf8 26. Nxa7 Qxa7 27. b5 Qd7 28.
Qxa6 Qc7 29. Qa4 Ra8 30. Qb3 Qa7 31. Rf2 Bg7 32. Bc1 Qa4 33. Qc3 Qa5 34. Qc2
Ra7 35. Qe2 h5 36. Bb2 Rf7 37. Bc2 Kh7 38. Rbf1 Rdf8 39. Rf3 Bh6 40. Bc3 Qa8
41. a4 Nb7 42. Bxe5 fxe5 43. Rxf7+ Rxf7 44. Rxf7+ Bg7 45. Qf1 Nd6 46. Rd7 Ne8
47. Qf8 Qa5 48. Qxe8 Qe1+ 49. Kh2 h4 50. Qxe5 1-0

[Event "Znojemska rotunda 2002"]
[Site "?"]
[Date "2002.??.??"]
[Round "3"]
[White "Michalcak, Lubomir"]
[Black "Blazkova, Petra"]
[Result "0-1"]
[WhiteElo "2132"]
[BlackElo "2046"]
[PlyCount "52"]

1. d4 Nf6 2. c4 c5 3. d5 e6 4. Nc3 exd5 5. cxd5 d6 6. e4 g6 7. Bb5+ Nbd7 8. a4
a6 9. Bxd7+ Nxd7 10. Nf3 Bg7 11. O-O O-O 12. Bf4 Qe7 13. Re1 f6 14. h3 Ne5 15.
a5 Bd7 16. Nxe5 fxe5 17. Be3 Qh4 18. Qd2 Rf7 19. Ra3 Raf8 20. Rb3 Bxh3 21. gxh3
Rf3 22. Kf1 c4 23. Rxb7 Qxh3+ 24. Ke2 Qg4 25. Kd1 R3f7+ 26. Kc2 Rxb7 0-1

[Event "Znojemska rotunda 2002"]
[Site "?"]
[Date "2002.??.??"]
[Round "3"]
[White "Doeekal, Jan"]
[Black "Blazek, Milos"]
[Result "1/2-1/2"]
[WhiteElo "1925"]
[BlackElo "2113"]
[PlyCount "64"]

1. Nf3 Nf6 2. g3 g6 3. Bg2 Bg7 4. c4 c5 5. Nc3 O-O 6. O-O Nc6 7. e3 d6 8. d4
Bg4 9. h3 Bf5 10. b3 Ne4 11. Bb2 Nxc3 12. Bxc3 Be4 13. Qd2 Qc7 14. Rad1 Rad8
15. Nh2 Bxg2 16. Kxg2 e5 17. d5 Ne7 18. e4 f5 19. f3 Rf7 20. Rf2 Kh8 21. Qe2
Rdf8 22. Rdf1 Qd7 23. Bd2 Ng8 24. a3 Nf6 25. b4 b6 26. b5 Nh5 27. exf5 Rxf5 28.
Ng4 R5f7 29. a4 Nf6 30. Nxf6 Bxf6 31. Qe4 a5 32. Qg4 Qf5 1/2-1/2

[Event "Znojemska rotunda 2002"]
[Site "?"]
[Date "2002.??.??"]
[Round "3"]
[White "Divis, Jan"]
[Black "Petlak, Josef sr"]
[Result "0-1"]
[WhiteElo "1669"]
[BlackElo "1959"]
[PlyCount "84"]

1. d4 Nf6 2. c4 g6 3. Nc3 d5 4. e3 Bg7 5. Nf3 O-O 6. Be2 Re8 7. O-O c6 8. cxd5
Nxd5 9. Qb3 e6 10. Nxd5 exd5 11. Bd2 Nd7 12. Rac1 Nf6 13. h3 Ne4 14. Rfd1 h5
15. Bd3 g5 16. Nh2 g4 17. Bxe4 Rxe4 18. hxg4 hxg4 19. g3 Qg5 20. Qd3 Qh5 21.
Qf1 Re6 22. Qg2 Rh6 23. e4 Rh8 24. exd5 cxd5 25. Re1 Be6 26. Bc3 Bf5 27. Nf1
Rd8 28. Nd2 Bh6 29. Re2 Bd3 30. Re5 Bxd2 31. Bxd2 Qxe5 32. dxe5 Be4 33. Qxe4
dxe4 34. Bf4 Rd7 35. Bg5 Rh5 36. Bf6 Kh7 37. Rc8 Kg6 38. Kf1 Rd1+ 39. Ke2 Rhh1
40. Ke3 Kf5 41. Rc2 Rhe1+ 42. Re2 Rd3# 0-1

[Event "Znojemska rotunda 2002"]
[Site "?"]
[Date "2002.??.??"]
[Round "3"]
[White "Mlensky, Dalibor"]
[Black "Svoboda, Jiri"]
[Result "1-0"]
[WhiteElo "2095"]
[BlackElo "1853"]
[PlyCount "67"]

1. e4 Nf6 2. e5 Nd5 3. c4 Nb6 4. c5 Nd5 5. Nc3 c6 6. Bc4 d6 7. Nxd5 cxd5 8.
Bxd5 e6 9. Bxe6 Bxe6 10. cxd6 Qg5 11. Nf3 Qxg2 12. Rg1 Qh3 13. Rg3 Qf5 14. d4
Nd7 15. Be3 Qe4 16. Rc1 g6 17. Nd2 Qh1+ 18. Nf1 Qd5 19. Rc7 Bg7 20. h4 f6 21.
f4 O-O 22. Qb3 Qa5+ 23. Bd2 Qxd2+ 24. Nxd2 Bxb3 25. Nxb3 fxe5 26. fxe5 Nxe5 27.
Rxg7+ Kxg7 28. dxe5 Rad8 29. Re3 b6 30. Nd4 Rfe8 31. Ke2 h5 32. Kd3 g5 33. Ke4
g4 34. Kd5 1-0

[Event "Znojemska rotunda 2002"]
[Site "?"]
[Date "2002.??.??"]
[Round "3"]
[White "Adam, Petr sr"]
[Black "Dvorak, Tomas"]
[Result "0-1"]
[WhiteElo "2108"]
[BlackElo "2300"]
[PlyCount "46"]

1. Nf3 Nf6 2. g3 g6 3. b4 Bg7 4. Bb2 O-O 5. Bg2 d5 6. O-O Nbd7 7. d3 c5 8. bxc5
Nxc5 9. Nbd2 b6 10. c4 Bb7 11. cxd5 Bxd5 12. Nh4 Rc8 13. Nc4 b5 14. Bxd5 Qxd5
15. Ne3 Qe6 16. Nf3 Ng4 17. Nxg4 Bxb2 18. Rb1 Na4 19. Nh6+ Kg7 20. Qd2 Rc5 21.
Ng5 Qxa2 22. Nhxf7 Rxf7 23. Rxb2 Nxb2 0-1

[Event "Znojemska rotunda 2002"]
[Site "?"]
[Date "2002.??.??"]
[Round "3"]
[White "Tejkal, Jiri"]
[Black "Antos, Jakub"]
[Result "1/2-1/2"]
[WhiteElo "2053"]
[BlackElo "1675"]
[PlyCount "52"]

1. c4 Nf6 2. Nc3 e6 3. d4 d5 4. Bg5 Nbd7 5. e3 Be7 6. Nf3 O-O 7. Bd3 c6 8. O-O
dxc4 9. Bxc4 Nd5 10. Bxe7 Qxe7 11. Rc1 Nxc3 12. Rxc3 e5 13. Qc2 e4 14. Nd2 Nf6
15. f3 exf3 16. Rxf3 Be6 17. Bd3 Rad8 18. Rc5 h6 19. Bf5 Rd5 20. Bxe6 Qxe6 21.
Rxd5 cxd5 22. Qc7 Qc8 23. Qxc8 Rxc8 24. Nb3 b6 25. h3 Kf8 26. Rf1 Rc2 1/2-1/2

[Event "Znojemska rotunda 2002"]
[Site "?"]
[Date "2002.??.??"]
[Round "3"]
[White "Parak, Dominik"]
[Black "Dobes, Oldrich"]
[Result "0-1"]
[WhiteElo "1978"]
[BlackElo "2024"]
[PlyCount "40"]

1. e4 c5 2. Nf3 d6 3. d4 cxd4 4. Nxd4 Nf6 5. Nc3 a6 6. Be2 Nbd7 7. O-O b5 8. a3
Bb7 9. f3 Rc8 10. Kh1 g6 11. Be3 Bg7 12. Qd2 O-O 13. Bh6 Bxh6 14. Qxh6 d5 15.
exd5 Nxd5 16. Ne4 N7f6 17. Rad1 Qb6 18. Nxf6+ Qxf6 19. c3 Nf4 20. Rfe1 Rc5 0-1

[Event "Znojemska rotunda 2002"]
[Site "?"]
[Date "2002.??.??"]
[Round "3"]
[White "Pokorny, Jan"]
[Black "Sochor, Stanislav"]
[Result "0-1"]
[WhiteElo "1690"]
[BlackElo "2056"]
[PlyCount "76"]

1. e4 e6 2. d4 d5 3. exd5 exd5 4. Bd3 Bd6 5. Nf3 Bg4 6. c3 Ne7 7. Bg5 Nbc6 8.
Nbd2 h6 9. Bh4 g5 10. Bg3 Bxg3 11. hxg3 Qd6 12. Qc2 Qe6+ 13. Be2 Bf5 14. Qd1
O-O-O 15. O-O Qf6 16. Re1 h5 17. Nf1 h4 18. Ne5 hxg3 19. Nxg3 Nxe5 20. dxe5 Qh6
21. Bg4 Kb8 22. Kf1 Be4 23. f3 Bg6 24. Kf2 Nc6 25. b4 Rhe8 26. e6 d4 27. exf7
Bxf7 28. Rxe8 Bxe8 29. Nf5 Qf6 30. c4 Nxb4 31. a3 Nc6 32. Rb1 Bg6 33. Rb5 a6
34. Rc5 b6 35. Qb3 d3 36. Ne3 Ne5 37. Bh3 Qd6 38. Nd5 Qxc5+ 0-1

[Event "Znojemska rotunda 2002"]
[Site "?"]
[Date "2002.??.??"]
[Round "3"]
[White "Rajnoha, Lubos"]
[Black "Kubicek, Martin"]
[Result "1-0"]
[WhiteElo "1342"]
[BlackElo "1585"]
[PlyCount "23"]

1. e4 Nc6 2. d4 d5 3. exd5 Qxd5 4. Nf3 Bg4 5. Nc3 Bxf3 6. Qxf3 Qxf3 7. gxf3
Nxd4 8. Nb5 O-O-O 9. Nxd4 Rxd4 10. Be3 Rb4 11. O-O-O b6 12. Ba6+ 1-0

[Event "Znojemska rotunda 2002"]
[Site "?"]
[Date "2002.??.??"]
[Round "3"]
[White "Vlk, Miroslav"]
[Black "Jelen, Jiri"]
[Result "1/2-1/2"]
[WhiteElo "2160"]
[BlackElo "1995"]
[PlyCount "93"]

1. d4 Nf6 2. c4 e6 3. Nc3 Bb4 4. Nf3 c5 5. e3 O-O 6. Be2 d5 7. O-O cxd4 8. exd4
a6 9. Bg5 Be7 10. c5 Re8 11. Bd3 Nbd7 12. b4 Qc7 13. Re1 Bd8 14. Qe2 Rf8 15.
Bh4 Nh5 16. Bxd8 Qxd8 17. Qe3 Nb8 18. Ne5 f5 19. a4 Nf6 20. f3 Nc6 21. Nxc6
bxc6 22. Bf1 Re8 23. Qe5 Bd7 24. Qd6 Qb8 25. Qxb8 Rexb8 26. Reb1 g5 27. Rb2 Ne8
28. Rab1 Nc7 29. Kf2 Kf7 30. Ke3 f4+ 31. Kd3 Kf6 32. Nd1 h5 33. Nf2 e5 34.
dxe5+ Kxe5 35. Re1+ Kf6 36. Kc3 Re8 37. Rxe8 Rxe8 38. Re2 Rxe2 39. Bxe2 Bf5 40.
Kd4 Bc2 41. a5 Ba4 42. Nd1 Bb5 43. Bxb5 Nxb5+ 44. Kd3 Ke5 45. Nf2 Kf5 46. h3
Ke5 47. Nd1 1/2-1/2

[Event "Znojemska rotunda 2002"]
[Site "?"]
[Date "2002.??.??"]
[Round "4"]
[White "Blazkova, Petra"]
[Black "Jurica, Peter"]
[Result "1/2-1/2"]
[WhiteElo "2132"]
[BlackElo "2142"]
[PlyCount "83"]

1. e4 Nf6 2. e5 Nd5 3. d4 d6 4. Nf3 Bg4 5. Be2 c6 6. O-O Bxf3 7. Bxf3 dxe5 8.
dxe5 e6 9. Qe2 Nd7 10. Re1 Bc5 11. Bd2 O-O 12. c4 Ne7 13. Bc3 Qb6 14. Rd1 Rfd8
15. a3 a5 16. b4 axb4 17. axb4 Rxa1 18. bxc5 Qa7 19. Bxa1 Qxa1 20. Be4 Ng6 21.
Bxg6 hxg6 22. Qe4 Qa5 23. Qd4 Qb4 24. h3 g5 25. Qd6 Qa4 26. Qd4 Qb4 27. g3 Qb3
28. Kg2 g6 29. Nc3 Qc2 30. Ne4 Ra8 31. Nxg5 Nxe5 32. Qh4 Qxd1 33. Qh7+ Kf8 34.
Qh8+ Ke7 35. Qxa8 Qb3 36. Qb8 Kf6 37. Ne4+ Kf5 38. Nd6+ Kf6 39. Qd8+ Kg7 40.
Ne8+ Kf8 41. Nf6+ Kg7 42. Ne8+ 1/2-1/2

[Event "Znojemska rotunda 2002"]
[Site "?"]
[Date "2002.??.??"]
[Round "4"]
[White "Dvorak, Tomas"]
[Black "Holemar, David"]
[Result "0-1"]
[WhiteElo "2300"]
[BlackElo "2284"]
[PlyCount "118"]

1. e4 e5 2. Nf3 Nf6 3. Nxe5 d6 4. Nf3 Nxe4 5. Bd3 d5 6. Qe2 Qe7 7. O-O Nd6 8.
Qd1 Qf6 9. c3 Be7 10. Bc2 O-O 11. d4 h6 12. Ne5 Bf5 13. Nd2 Bxc2 14. Qxc2 Qf5
15. Qb3 c6 16. Re1 Re8 17. Nf1 Qc8 18. Bf4 Nd7 19. Nd3 Ne4 20. f3 Ng5 21. Bxg5
hxg5 22. Re2 Nf6 23. Rae1 Bd6 24. Ne5 Rb8 25. Ng3 Qc7 26. Qc2 Re6 27. Nf5 Bxe5
28. Rxe5 Rbe8 29. Rxe6 Rxe6 30. Rxe6 fxe6 31. Ng3 Qf4 32. Qe2 Kf7 33. Nf1 Qc1
34. g3 a5 35. h3 a4 36. a3 Nd7 37. Qd2 Qxd2 38. Nxd2 e5 39. Kf2 Ke6 40. Ke3 Kf5
41. c4 c5 42. cxd5 exd4+ 43. Kd3 b5 44. Ne4 Ke5 45. d6 c4+ 46. Kd2 Nf6 47. Nxg5
Kxd6 48. h4 b4 49. Nh3 c3+ 50. bxc3 bxa3 51. Kc2 d3+ 52. Kb1 Nd5 53. Ka2 Nxc3+
54. Kxa3 d2 55. Nf2 Kc5 56. g4 Kd4 57. Kb4 Ke3 58. Kxc3 Kxf2 59. Kxd2 Kxf3 0-1

[Event "Znojemska rotunda 2002"]
[Site "?"]
[Date "2002.??.??"]
[Round "4"]
[White "Sochor, Stanislav"]
[Black "Most, Zdenek"]
[Result "0-1"]
[WhiteElo "2046"]
[BlackElo "2118"]
[PlyCount "82"]

1. d4 Nf6 2. Nf3 g6 3. g3 Bg7 4. Bg2 O-O 5. O-O d6 6. c4 c5 7. Nc3 Na6 8. d5
Nc7 9. h3 a6 10. a4 b6 11. e4 Rb8 12. Re1 b5 13. e5 Nfe8 14. b3 Bd7 15. Ra2
bxc4 16. bxc4 dxe5 17. Nxe5 Nd6 18. Bf1 Nce8 19. Ba3 Qc7 20. Qd2 Bxe5 21. Rxe5
Nxc4 22. Bxc4 Qxe5 23. Bxa6 Bxh3 24. Bxc5 Nd6 25. Bd4 Qh5 26. Qf4 Bg4 27. f3
Bxf3 28. Rh2 Qg4 29. Qxg4 Bxg4 30. Bf1 Nf5 31. Be5 Rb3 32. Ne4 Re3 33. Bg2 Rc8
34. Rh1 Rc2 35. Bf4 Rxg2+ 36. Kxg2 Bf3+ 37. Kf2 Bxe4 38. Bxe3 Bxh1 39. Bc5 Bxd5
40. g4 Nd6 41. a5 Nc4 0-1

[Event "Znojemska rotunda 2002"]
[Site "?"]
[Date "2002.??.??"]
[Round "4"]
[White "Skaroupka, Jiri"]
[Black "Parak, Dominik"]
[Result "1-0"]
[WhiteElo "2059"]
[BlackElo "1978"]
[PlyCount "55"]

1. Nf3 Nf6 2. g3 g6 3. Bg2 Bg7 4. O-O O-O 5. d3 d6 6. e4 e5 7. Nbd2 Nc6 8. c3
b6 9. b4 a5 10. b5 Ne7 11. Nc4 Bb7 12. Nh4 Nd7 13. Bb2 f5 14. exf5 Bxg2 15.
Nxg2 Nxf5 16. d4 Qf6 17. dxe5 Nxe5 18. Nxe5 Qxe5 19. Qb3+ Kh8 20. Rae1 Qc5 21.
a4 g5 22. Re4 d5 23. Re6 Nd6 24. Ne3 Rad8 25. Ba3 Qxc3 26. Qxc3 Bxc3 27. Nxd5
Rf3 28. Nxc3 1-0

[Event "Znojemska rotunda 2002"]
[Site "?"]
[Date "2002.??.??"]
[Round "4"]
[White "Rajnoha, Lubos"]
[Black "Roesner, Tomas"]
[Result "0-1"]
[WhiteElo "1342"]
[BlackElo "1808"]
[PlyCount "98"]

1. e4 e5 2. Nf3 Nc6 3. Bc4 Nf6 4. Nc3 Nxe4 5. Nxe4 d5 6. Bxd5 Qxd5 7. Nc3 Qe6
8. O-O Bc5 9. Re1 f6 10. d4 Nxd4 11. Be3 Nxf3+ 12. Qxf3 Bxe3 13. Rxe3 O-O 14.
Rd1 c6 15. Red3 Qe7 16. Qe2 Be6 17. Rd6 Rad8 18. Qd2 Rxd6 19. Qxd6 Qxd6 20.
Rxd6 Kf7 21. a3 Ke7 22. Rd1 f5 23. f3 Rd8 24. Rxd8 Kxd8 25. Kf2 Ke7 26. Ke3 Kd6
27. g3 g5 28. b3 Bf7 29. b4 f4+ 30. gxf4 exf4+ 31. Kd4 Bg6 32. Ne4+ Bxe4 33.
Kxe4 Ke6 34. c4 Kf6 35. a4 Ke6 36. h3 Kf6 37. b5 h5 38. c5 a6 39. bxa6 bxa6 40.
a5 Ke6 41. h4 gxh4 42. Kxf4 Kd5 43. Ke3 Kxc5 44. f4 Kd5 45. Kf3 c5 46. Kg2 c4
47. Kh3 c3 48. Kxh4 c2 49. Kxh5 c1=Q 0-1

[Event "Znojemska rotunda 2002"]
[Site "?"]
[Date "2002.??.??"]
[Round "4"]
[White "Fojtik, Tomas"]
[Black "Doeekal, Jan"]
[Result "1/2-1/2"]
[WhiteElo "2107"]
[BlackElo "1925"]
[PlyCount "129"]

1. d4 Nf6 2. c4 g6 3. Nc3 Bg7 4. e4 d6 5. Nf3 O-O 6. Be2 c6 7. O-O Qc7 8. Bd2
e5 9. d5 c5 10. Rb1 a5 11. a3 Na6 12. Ne1 Qe7 13. Nd3 Rb8 14. f3 Nd7 15. Nb5 b6
16. b4 axb4 17. axb4 f5 18. Na7 Ra8 19. Nc6 Qe8 20. bxc5 bxc5 21. Qe1 Nab8 22.
Nxb8 Rxb8 23. Rxb8 Nxb8 24. Qb1 Ba6 25. Qa2 Rf7 26. Rb1 Bf8 27. Rxb8 Qxb8 28.
Qxa6 fxe4 29. fxe4 Qb1+ 30. Nc1 Qxe4 31. Qa1 Qf5 32. Be3 Bh6 33. Qc3 e4 34. g3
Qe5 35. Qd2 Bxe3+ 36. Qxe3 Qd4 37. Qxd4 cxd4 38. Nb3 d3 39. Bf1 Rb7 40. Nd4 Rb1
41. Kf2 d2 42. Be2 d1=Q 43. Bxd1 Rxd1 44. Nb5 Rc1 45. Nxd6 Kf8 46. h3 h6 47.
Ke3 Ke7 48. Nxe4 Rxc4 49. Kf4 Rc1 50. Ke5 Re1 51. d6+ Kd7 52. Kd5 Rd1+ 53. Ke5
Rf1 54. Nf6+ Kc6 55. Ke6 Re1+ 56. Kf7 Kxd6 57. Kxg6 Re6 58. Kg7 Ke5 59. Ng4+
Ke4 60. Nxh6 Ra6 61. h4 Kf3 62. g4 Kg3 63. h5 Kh4 64. Nf7 Kxg4 65. h6 1/2-1/2

[Event "Znojemska rotunda 2002"]
[Site "?"]
[Date "2002.??.??"]
[Round "4"]
[White "Petlak, Josef jr"]
[Black "Talpa, Pavel"]
[Result "0-1"]
[WhiteElo "1525"]
[BlackElo "1854"]
[PlyCount "54"]

1. e4 d5 2. exd5 Nf6 3. Nf3 Nxd5 4. d4 c6 5. Be2 Bf5 6. c3 e6 7. Nbd2 Nf4 8. g3
Nxe2 9. Qxe2 Be7 10. Nc4 Nd7 11. Ne3 Bg6 12. Ng2 Nf6 13. Ne5 Qd5 14. O-O Qa5
15. Bd2 Qb6 16. Be3 Nd5 17. Nxg6 hxg6 18. Bd2 O-O-O 19. Rab1 Rh3 20. Nf4 Nxf4
21. Bxf4 g5 22. Qg4 Rdh8 23. Bxg5 Bxg5 24. Qxg5 Rxh2 25. Qxg7 Qb5 26. Qxf7 Rh1+
27. Kg2 Qd5+ 0-1

[Event "Znojemska rotunda 2002"]
[Site "?"]
[Date "2002.??.??"]
[Round "4"]
[White "Belunek, Zdenek"]
[Black "Divis, Jan"]
[Result "1-0"]
[WhiteElo "1859"]
[BlackElo "1669"]
[PlyCount "79"]

1. e4 e6 2. d4 d5 3. exd5 exd5 4. Bd3 Nf6 5. Bg5 Be7 6. Nf3 Bg4 7. Nbd2 Nbd7 8.
c3 c6 9. Qc2 h6 10. Bh4 Qc7 11. Bg3 Bd6 12. Bxd6 Qxd6 13. O-O-O O-O-O 14. h3
Bxf3 15. Nxf3 Rhe8 16. Rhe1 Rxe1 17. Rxe1 Re8 18. Rxe8+ Nxe8 19. Qe2 Kd8 20. g3
Qe6 21. Qxe6 fxe6 22. Ne5 Ke7 23. Kd2 Nxe5 24. dxe5 b6 25. f4 c5 26. g4 g5 27.
f5 Nc7 28. Ke3 b5 29. a3 a5 30. f6+ Kf7 31. Kf3 b4 32. axb4 axb4 33. cxb4 cxb4
34. Ke3 Na8 35. Kd4 Nb6 36. Bb5 b3 37. Kc5 Nc8 38. Ba6 d4 39. Bxc8 d3 40. Ba6
1-0

[Event "Znojemska rotunda 2002"]
[Site "?"]
[Date "2002.??.??"]
[Round "4"]
[White "Blazek, Milos"]
[Black "Svoboda, Antonin"]
[Result "1-0"]
[WhiteElo "2113"]
[BlackElo "1861"]
[PlyCount "35"]

1. e4 d6 2. d4 Nf6 3. Nc3 g6 4. f4 Bg7 5. Nf3 O-O 6. e5 Ne8 7. Be3 dxe5 8. fxe5
Bg4 9. h3 Bxf3 10. Qxf3 c6 11. O-O-O e6 12. h4 f6 13. Qg3 fxe5 14. h5 exd4 15.
hxg6 Qc7 16. Qh3 h6 17. Qxe6+ Kh8 18. Bxh6 1-0

[Event "Znojemska rotunda 2002"]
[Site "?"]
[Date "2002.??.??"]
[Round "4"]
[White "Hadac, Pavel"]
[Black "Tejkal, Jiri"]
[Result "1/2-1/2"]
[WhiteElo "1907"]
[BlackElo "2053"]
[PlyCount "46"]

1. e4 c5 2. Nf3 Nc6 3. d4 cxd4 4. Nxd4 Nf6 5. Nc3 d6 6. Be3 e6 7. f3 Be7 8. Qd2
Bd7 9. O-O-O a6 10. g4 Nxd4 11. Bxd4 e5 12. Be3 Be6 13. g5 Nh5 14. Rg1 Qa5 15.
Kb1 Rc8 16. Nd5 Qxd2 17. Rxd2 Bxd5 18. Rxd5 f6 19. Bh3 Rc6 20. Bg4 Nf4 21. Bxf4
exf4 22. gxf6 Bxf6 23. b3 Ke7 1/2-1/2

[Event "Znojemska rotunda 2002"]
[Site "?"]
[Date "2002.??.??"]
[Round "4"]
[White "Petlak, Josef sr"]
[Black "Mlensky, Dalibor"]
[Result "1/2-1/2"]
[WhiteElo "1959"]
[BlackElo "2095"]
[PlyCount "122"]

1. b3 e5 2. e3 Nf6 3. d4 e4 4. Be2 d5 5. a4 c6 6. Ba3 Bxa3 7. Nxa3 O-O 8. g3
Ne8 9. h4 f5 10. Nh3 Nd7 11. c3 Ndf6 12. Nc2 Ng4 13. Kf1 Nef6 14. Kg2 h6 15. a5
Be6 16. b4 a6 17. Rc1 Qd6 18. Na1 Nh5 19. Qd2 Rae8 20. Nb3 g6 21. Bd1 Bf7 22.
Nc5 Re7 23. Bb3 Qf6 24. c4 g5 25. hxg5 hxg5 26. cxd5 cxd5 27. Rcg1 Rd8 28. Bd1
Be8 29. Be2 Rd6 30. Qd1 Ng7 31. Kf1 Bh5 32. Qb3 Rf7 33. Qc3 Rc7 34. Qd2 b5 35.
Kg2 Be8 36. Rc1 Rdc6 37. f4 exf3+ 38. Bxf3 Bf7 39. Nf2 Nh6 40. Nfd3 g4 41. Be2
Re7 42. Ne5 Rd6 43. Ncd3 Ne6 44. Nf4 Ng5 45. Rc8+ Re8 46. Rc7 Ne4 47. Qc1 Rxe5
48. Rxh6 Qxh6 49. dxe5 Re6 50. Rxf7 Rc6 51. Rf6 Qxf6 52. Qb2 Qh8 53. Qd4 Nc3
54. Qa7 Nxe2 55. Qb8+ Kg7 56. Qb7+ Kg8 57. Qxc6 Nxf4+ 58. exf4 Qh3+ 59. Kf2
Qh2+ 60. Kf1 Qh1+ 61. Ke2 Qe4+ 1/2-1/2

[Event "Znojemska rotunda 2002"]
[Site "?"]
[Date "2002.??.??"]
[Round "4"]
[White "Antos, Jakub"]
[Black "Vlk, Miroslav"]
[Result "0-1"]
[WhiteElo "1675"]
[BlackElo "2160"]
[PlyCount "42"]

1. e4 e6 2. d4 d5 3. Nc3 dxe4 4. Nxe4 Nd7 5. Nf3 Ngf6 6. Nxf6+ Nxf6 7. Bd3 Be7
8. O-O O-O 9. Qe2 b6 10. c3 Bb7 11. Bg5 h6 12. Bxf6 Bxf6 13. Rad1 Qd5 14. Rfe1
Qxa2 15. Bb1 Qd5 16. c4 Qh5 17. Qd3 g6 18. Ne5 Qg5 19. f3 Rfd8 20. h4 Qxh4 21.
Nxg6 Bxd4+ 0-1

[Event "Znojemska rotunda 2002"]
[Site "?"]
[Date "2002.??.??"]
[Round "4"]
[White "Valenta, Vit"]
[Black "Michalcak, Lubomir"]
[Result "1-0"]
[WhiteElo "2075"]
[BlackElo "2046"]
[PlyCount "79"]

1. b4 e5 2. Bb2 Bxb4 3. Bxe5 Nf6 4. Nf3 Nc6 5. Bb2 d5 6. g3 O-O 7. Bg2 Re8 8.
O-O Bd6 9. d3 Ne5 10. Nbd2 Bg4 11. Rb1 Rb8 12. h3 Bh5 13. Re1 c6 14. g4 Nxf3+
15. Bxf3 Bg6 16. c4 Be5 17. Bxe5 Rxe5 18. Bg2 dxc4 19. Nxc4 Re6 20. a4 h5 21.
g5 Nd5 22. Qd2 Qc7 23. h4 Nf4 24. Ne3 Rbe8 25. Bf1 Qd7 26. Qb4 Rxe3 27. Qxf4
R3e5 28. Rec1 b6 29. Qg3 Bf5 30. e4 Bg6 31. f4 Ra5 32. f5 Bxf5 33. exf5 Rxf5
34. Rc4 Rfe5 35. Bh3 Qd6 36. Rf1 Qa3 37. Qf3 R8e7 38. Rxc6 Qxa4 39. Rc8+ Kh7
40. Qxh5# 1-0

[Event "Znojemska rotunda 2002"]
[Site "?"]
[Date "2002.??.??"]
[Round "4"]
[White "Dvorak, Libor"]
[Black "Dobes, Oldrich"]
[Result "1/2-1/2"]
[WhiteElo "2046"]
[BlackElo "2024"]
[PlyCount "40"]

1. Nf3 Nf6 2. c4 c5 3. Nc3 Nc6 4. g3 d6 5. Bg2 Be6 6. b3 Qd7 7. O-O Bh3 8. d4
Bxg2 9. Kxg2 cxd4 10. Nxd4 g6 11. f3 Bg7 12. Bb2 O-O 13. e4 Rac8 14. Qd2 Rfd8
15. Rac1 b6 16. Rfd1 Qb7 17. a3 Nxd4 18. Qxd4 Nd7 19. Qf2 Nc5 20. Qc2 Ne6
1/2-1/2

[Event "Znojemska rotunda 2002"]
[Site "?"]
[Date "2002.??.??"]
[Round "4"]
[White "Jelen, Jiri"]
[Black "Adam, Petr sr"]
[Result "0-1"]
[WhiteElo "1995"]
[BlackElo "2108"]
[PlyCount "52"]

1. d4 d6 2. c4 g6 3. Nc3 Bg7 4. e4 Nf6 5. Bd3 O-O 6. f3 c5 7. d5 Na6 8. Be3 Nc7
9. g4 a6 10. a4 b6 11. Nge2 Rb8 12. Rb1 b5 13. axb5 axb5 14. b4 bxc4 15. Bxc4
Rxb4 16. Rxb4 cxb4 17. Na2 Ba6 18. Bxa6 Nxa6 19. Qa4 Nc5 20. Qb5 Qa8 21. Nac1
Rb8 22. Qc4 Nfd7 23. Nd4 Ne5 24. Qe2 b3 25. Ncxb3 Nxb3 26. O-O Nxd4 0-1